000 00601nam a22001931 4500
003 OSt
005 20150216143655.0
008 981210s1974 sp spa
040 _cBMC
082 _a813.5
100 1 _aSheldon, Sidney
_d1917-2007
_929723
245 1 0 _aMás allá de la medianoche
_cSidney Sheldon ; traducción, Marta Isabel Guastavino
260 _aBuenos Aires
_bEmecé
_c1974
300 _a428 p., 1 h.
_c18 cm
490 _aGrandes novelistas. La novela actual en el mundo
650 2 4 _917595
_aNovela norteamericana
700 1 _930948
_aGuastavino, Marta I.
942 _2ddc
_cBK
999 _c17929
_d17929